Vamos a buscar un tesoro : (Registro nro. 7425)

Detalles MARC
000 -CABECERA
Longitud fija campo de control 01030nam a2200241Ia 4500
008 - • CÓDIGOS DE INFORMACIÓN DE LONGITUD FIJA
Códigos de información de longitud fija 161108s9999 xx 000 0 und d
020 ## - • NÚMERO INTERNACIONAL NORMALIZADO PARA LIBROS
Número Internacional Normalizado para Libros (ISBN) 9789589002087
040 ## - FUENTE DE LA CATALOGACIÓN
Centro catalogador de origen CO-BoRNBP
Lengua de catalogación spa
Normas de descripción rda
Centro transcriptor CO-BoRNBP
084 ## - • Clasificación Local Alfanúmerica PNLB
Número de clasificación C JAN1
100 ## - • PUNTO DE ACCESO PRINCIPAL-NOMBRE DE PERSONA
Nombre de persona Janosch, 1931-
245 ## - • TITULO PROPIAMENTE DICHO
Título Vamos a buscar un tesoro :
Resto del título la historia de cómo el pequeño osito y el pequeño tigre buscan la felicidad del mundo /
Mención de responsabilidad, etc. Janosch ; traducido por Ana Pérez
250 ## - • MENCIÓN DE EDICIÓN
Mención de edición Primera edición
264 ## - PRODUCCIÓN, PUBLICACIÓN , DISTRIBUCIÓN, FABRICACIÓN Y COPYRIGHT
Lugar de producción, publicación, distribución, fabricación Bogotá :
Nombre del productor, editor, distribuidor, fabricante Loqueleo
300 ## - • DESCRIPCIÓN FÍSICA
Extensión 49 páginas :
Otras características físicas ilustraciones en color ;
Dimensiones 19 cm
336 ## - TIPO DE CONTENIDO
Término de tipo de contenido texto
Código de tipo de contenido txt
Fuente rdacontent
337 ## - TIPO DE MEDIO
Nombre del tipo de medio sin mediación
Código del tipo de medio n
Fuente rdamedia
338 ## - TIPO DE SOPORTE
Nombre del tipo de soporte volumen
Código del tipo de soporte nc
Fuente rdacarrier
490 ## - • MENCIÓN DE SERIE
Mención de serie Narrativa : + 6
500 ## - • NOTA GENERAL
Nota general Título original: Komm, wir weinheim und basel
650 ## - • PUNTO DE ACCESO ADICIONAL DE MATERIA - TÉRMINO DE MATERIA
Término de materia o nombre geográfico como elemento inicial Literatura Infantil Alemana - Siglo Xx / Cuentos Infantiles Alemanes - Siglo Xx / Autores Alemanes / Amistad - Cuento / Tesoros - Cuento / Solidaridad - Cuento / Desde Los 6 A{Aelig}Os
700 ## - • PUNTO DE ACCESO ADICIONAL - NOMBRE DE PERSONA
Nombre de persona Janosch, 1931- \\ Pérez, Ana
942 ## - ENTRADA DE ELEMENTOS AGREGADOS (KOHA)
Fuente de clasificaión o esquema

No hay ítems disponibles.










Instituto Departamental de Cultura del Meta - Red Departamental de Bibliotecas Públicas del Meta.